Toplu iş hukuku dersleri / (Record no. 200443456)

MARC details
000 -LEADER
fixed length control field 01057cam a2200325 i 4500
003 - CONTROL NUMBER IDENTIFIER
control field TR-AnTOB
005 - DATE AND TIME OF LATEST TRANSACTION
control field 20231201001328.0
007 - PHYSICAL DESCRIPTION FIXED FIELD--GENERAL INFORMATION
fixed length control field ta
008 - FIXED-LENGTH DATA ELEMENTS--GENERAL INFORMATION
fixed length control field 180322s2021 tu tur d
020 ## - INTERNATIONAL STANDARD BOOK NUMBER
International Standard Book Number 9786257334556
040 ## - CATALOGING SOURCE
Original cataloging agency TR-IsYBT
Language of cataloging eng
Description conventions rda
Transcribing agency TR-IsYBT
Modifying agency TR-AnTOB
041 0# - LANGUAGE CODE
Language code of text/sound track or separate title Türkçe
050 00 - LIBRARY OF CONGRESS CALL NUMBER
Classification number KKX1402
090 ## - LOCALLY ASSIGNED LC-TYPE CALL NUMBER (OCLC); LOCAL CALL NUMBER (RLIN)
Classification number (OCLC) (R) ; Classification number, CALL (RLIN) (NR) KKX1402
Local cutter number (OCLC) ; Book number/undivided call number, CALL (RLIN) .E46 2021
100 1# - MAIN ENTRY--PERSONAL NAME
Personal name Ekmekçi, Ömer
Relator term author
9 (RLIN) 120694
245 10 - TITLE STATEMENT
Title Toplu iş hukuku dersleri /
Statement of responsibility, etc. Prof. Dr. Ömer Ekmekçi.
264 #1 - PRODUCTION, PUBLICATION, DISTRIBUTION, MANUFACTURE, AND COPYRIGHT NOTICE
Place of production, publication, distribution, manufacture İstanbul :
Name of producer, publisher, distributor, manufacturer Onikilevha,
Date of production, publication, distribution, manufacture, or copyright notice 2021
Date of production, publication, distribution, manufacture, or copyright notice ©2018
336 ## - CONTENT TYPE
Content type term text
Source rdacontent
Content type code txt
337 ## - MEDIA TYPE
Media type term unmediated
Source rdamedia
Media type code n
338 ## - CARRIER TYPE
Carrier type term volume
Source rdacarrier
Carrier type code nc
490 0# - SERIES STATEMENT
Series statement On İki Levha ;
Volume/sequential designation 859
504 ## - BIBLIOGRAPHY, ETC. NOTE
Bibliography, etc. note
650 #0 - SUBJECT ADDED ENTRY--TOPICAL TERM
Topical term or geographic name entry element Toplu iş sözleşmeleri
Geographic subdivision Türkiye
9 (RLIN) 58170
Topical term or geographic name entry element İşçi sendikaları
General subdivision Hukuk ve mevzuat
Geographic subdivision Türkiye
9 (RLIN) 47974
Topical term or geographic name entry element İş sözleşmesi
Geographic subdivision Türkiye
Source of heading or term etuturkob
9 (RLIN) 58043
Topical term or geographic name entry element İş hukuku ve mevzuatı
Geographic subdivision Türkiye
Source of heading or term
9 (RLIN) 58185
942 ## - ADDED ENTRY ELEMENTS (KOHA)
Source of classification or shelving scheme Library of Congress Classification
Koha item type Book
Holdings
Withdrawn status Lost status Source of classification or shelving scheme Materials specified (bound volume or other part) Not for loan Collection code Home library Current library Shelving location Date acquired Source of acquisition Cost, normal purchase price Total Checkouts Full call number Date last seen Copy number Date shelved Koha item type
    Library of Congress Classification c.2 Ödünç Verilemez-Sağlanamadı / Not for loan-Could not be provided Genel Koleksiyon Merkez Kütüphane Merkez Kütüphane Siparişte / On order 13/09/2021 Satın Alma / Purchase 70.50   KKX1402 .E46 2021 13/09/2021 2 13/09/2021 Book
    Library of Congress Classification c.1 Ödünç Verilemez-Sağlanamadı / Not for loan-Could not be provided Genel Koleksiyon Merkez Kütüphane Merkez Kütüphane Siparişte / On order 13/09/2021 Satın Alma / Purchase 70.50   KKX1402 .E46 2021 13/09/2021 c.1 13/09/2021 Book
Devinim Yazılım Eğitim Danışmanlık tarafından Koha'nın orjinal sürümü uyarlanarak geliştirilip kurulmuştur.